[Event "HUN-chT 2223"]
[Site "Hungary"]
[Date "2023.01.15"]
[Round "7.9"]
[White "Nagy, Bence"]
[Black "Szeberenyi, Adam"]
[Result "1/2-1/2"]
[WhiteElo "2355"]
[BlackElo "2349"]
[PlyCount "60"]
[EventDate "2022.11.20"]
[EventType "team-tourn"]
[EventRounds "9"]
[EventCountry "HUN"]
[SourceTitle "CBM 213 Extra"]
[Source "ChessBase"]
[SourceDate "2023.05.31"]
[SourceVersion "1"]
[SourceVersionDate "2023.05.31"]
[SourceQuality "1"]
[WhiteTeam "Haladas"]
[BlackTeam "Biatorbagy"]
[WhiteTeamCountry "HUN"]
[BlackTeamCountry "HUN"]

1. e4 c5 2. Nf3 e6 3. d4 cxd4 4. Nxd4 Nf6 5. Nc3 Nc6 6. Ndb5 Bb4 7. a3 Bxc3+ 8. Nxc3 d5 9. exd5 exd5 10. Bd3 0-0 11. 0-0 d4 12. Ne4 Nxe4 13. Bxe4 Be6 14. Re1 Bd5 15. Bd3 Qh4 16. Bd2 Rfe8 17. Rxe8+ Rxe8 18. Qf1 Ne5 19. Re1 Re6 20. f3 Nxd3 21. Rxe6 fxe6 22. Qxd3 Qf6 23. c3 dxc3 24. Bxc3 Qf4 25. Qd4 Qxd4+ 26. Bxd4 a6 27. Kf2 Kf7 28. Be5 g5 29. g4 Kg6 30. Kg3 h5 1/2-1/2

[Event "HUN-chT 2223"]
[Site "Hungary"]
[Date "2022.12.04"]
[Round "2.10"]
[White "Nagy, Bence"]
[Black "Ribli, Zoltan"]
[Result "1-0"]
[WhiteElo "2355"]
[BlackElo "2515"]
[PlyCount "77"]
[EventDate "2022.11.20"]
[EventType "team-tourn"]
[EventRounds "9"]
[EventCountry "HUN"]
[SourceTitle "CBM 211 Extra"]
[Source "ChessBase"]
[SourceDate "2023.01.31"]
[SourceVersion "1"]
[SourceVersionDate "2023.01.31"]
[SourceQuality "1"]
[WhiteTeam "Haladas"]
[BlackTeam "Aquaprofit"]
[WhiteTeamCountry "HUN"]
[BlackTeamCountry "HUN"]

1. e4 c5 2. Nf3 e6 3. d4 cxd4 4. Nxd4 Nc6 5. Nc3 Qc7 6. Be3 a6 7. Qf3 Nf6 8. 0-0-0 Ne5 9. Qg3 b5 10. f4 Neg4 11. Bg1 h5 12. e5 Nh7 13. h3 Nh6 14. Bd3 g6 15. Qf3 Bb7 16. Be4 Bxe4 17. Nxe4 Rc8 18. g4 h4 19. Rh2 Be7 20. Nd6+ Bxd6 21. exd6 Qc4 22. g5 Nf5 23. Nxf5 gxf5 24. Bd4 Rg8 25. b3 Qc6 26. Qh5 Nf8 27. Qxh4 Qxd6 28. Be5 Qb4 29. Bd6 Qc3 30. Kb1 Qf3 31. Rd3 Qf1+ 32. Kb2 a5 33. Qg3 a4 34. Rhd2 Ng6 35. Rc3 Ra8 36. Qe3 a3+ 37. Bxa3 Qxf4 38. Qa7 Rd8 39. Qxd7+ 1-0

[Event "HUN-chT 2122"]
[Site "Hungary"]
[Date "2021.10.10"]
[Round "1.10"]
[White "Karacsonyi, Gellert"]
[Black "Nagy, Bence"]
[Result "1-0"]
[WhiteElo "2336"]
[BlackElo "2359"]
[PlyCount "81"]
[EventDate "2021.10.10"]
[EventType "team-tourn"]
[EventRounds "9"]
[EventCountry "HUN"]
[SourceTitle "EXT 2023"]
[Source "ChessBase"]
[SourceDate "2022.10.05"]
[SourceVersion "1"]
[SourceVersionDate "2022.10.05"]
[SourceQuality "1"]
[WhiteTeam "Kobanya Aquarena"]
[BlackTeam "Haladas"]
[WhiteTeamCountry "HUN"]
[BlackTeamCountry "HUN"]

1. e4 c5 2. Nf3 d6 3. d4 cxd4 4. Nxd4 Nf6 5. Nc3 a6 6. h3 b5 7. a4 bxa4 8. Rxa4 Bb7 9. Bd3 Nbd7 10. Nb3 Ne5 11. 0-0 Nxd3 12. Qxd3 g6 13. f4 Bg7 14. Na5 Nd7 15. Nxb7 Qb6+ 16. Be3 Qxb7 17. Nd5 Nc5 18. Bxc5 dxc5 19. Rxa6 Rxa6 20. Qxa6 Qxa6 21. Nc7+ Kd7 22. Nxa6 Bd4+ 23. Kh2 Kc6 24. b4 c4 25. Rd1 Be3 26. Kg3 e6 27. Kf3 Bb6 28. Nc5 Bxc5 29. bxc5 Ra8 30. f5 gxf5 31. exf5 exf5 32. Kf4 Re8 33. Rd2 Kxc5 34. Kxf5 c3 35. Rf2 Rd8 36. Ke4 Rd7 37. g4 Kb4 38. Rf6 Ka3 39. Rb6 Rc7 40. Kd4 Ka2 41. Rb3 1-0

[Event "AUT-chT2O 1920"]
[Site "Austria"]
[Date "2020.01.19"]
[Round "7.1"]
[White "Loeffler, Stefan"]
[Black "Nagy, Bence"]
[Result "0-1"]
[WhiteElo "2373"]
[BlackElo "2359"]
[PlyCount "90"]
[EventDate "2019.10.19"]
[EventType "team-tourn"]
[EventRounds "11"]
[EventCountry "AUT"]
[SourceTitle "CBM 195 Extra"]
[Source "ChessBase"]
[SourceDate "2020.05.31"]
[SourceVersion "1"]
[SourceVersionDate "2020.05.31"]
[SourceQuality "1"]
[WhiteTeam "Poechlarn"]
[BlackTeam "Wien Austria"]
[WhiteTeamCountry "AUT"]
[BlackTeamCountry "AUT"]

1. e4 c5 2. Nf3 d6 3. d4 cxd4 4. Nxd4 Nf6 5. f3 e5 6. Nb3 a5 7. Bb5+ Bd7 8. Bxd7+ Nbxd7 9. a4 Be7 10. Nc3 0-0 11. 0-0 Qb6+ 12. Kh1 Qa6 13. Bg5 Rac8 14. Qd3 Qxd3 15. cxd3 d5 16. Rac1 d4 17. Nb5 Bb4 18. Na7 Ra8 19. Nb5 Rac8 20. h3 Nb6 21. Bxf6 gxf6 22. Na7 Ra8 23. Nb5 Nxa4 24. Rf2 Rfc8 25. Nc7 Rab8 26. Nd5 Rxc1+ 27. Nxc1 Rc8 28. Na2 Kg7 29. b3 Nc3 30. Naxb4 axb4 31. Nxb4 Nd1 32. Ra2 Rc1 33. Kh2 Rb1 34. Ra3 Ne3 35. Nd5 Rb2 36. Nxe3 dxe3 37. Kg3 Rb1 38. Ra2 Rxb3 39. f4 Rxd3 40. fxe5 fxe5 41. Rb2 e2+ 42. Kf2 Re3 43. Ke1 Rxe4 44. Rxb7 h5 45. Rb3 h4 0-1

[Event "HUN-ch rapid"]
[Site "Ajka"]
[Date "2019.07.21"]
[Round "12"]
[White "Nagy, Bence"]
[Black "Balint, Vilmos"]
[Result "0-1"]
[WhiteElo "2352"]
[BlackElo "2203"]
[PlyCount "108"]
[EventDate "2019.07.19"]
[EventType "swiss (rapid)"]
[EventRounds "13"]
[EventCountry "HUN"]
[SourceTitle "CBM 191 Extra"]
[Source "ChessBase"]
[SourceDate "2019.09.30"]
[SourceVersion "1"]
[SourceVersionDate "2019.09.30"]
[SourceQuality "1"]

1. e4 e5 2. Nf3 Nc6 3. d4 exd4 4. Nxd4 Bc5 5. Nb3 Bb6 6. Nc3 d6 7. Bd3 Nf6 8. Bg5 h6 9. Bh4 Be6 10. Qe2 g5 11. Bg3 Ne5 12. 0-0-0 Qe7 13. h4 0-0-0 14. Kb1 Nxd3 15. Qxd3 Nh5 16. Nd5 Bxd5 17. exd5 Nxg3 18. fxg3 Rde8 19. a4 a5 20. Nd2 Qd7 21. Nc4 Bc5 22. hxg5 hxg5 23. Rxh8 Rxh8 24. Qc3 Rh2 25. Qxa5 Kb8 26. b3 Rxg2 27. Qc3 Qg4 28. Rd3 Rh2 29. Ne5 Qf5 30. Nf3 Rh1+ 31. Ka2 g4 32. Nd2 Bf2 33. a5 Be1 34. Re3 Qxd5 35. Re8+ Ka7 36. Qxc7 Qc6 37. Qb8+ Ka6 38. Qa8+ Kb5 39. Rc8 Qa6 40. Qxa6+ Kxa6 41. Nc4 Bc3 42. b4 Bxb4 43. Kb3 Bc5 44. Nb2 Kxa5 45. c4 Rg1 46. Nd3 Rxg3 47. Kc3 Bb4+ 48. Kd4 Bc5+ 49. Nxc5 dxc5+ 50. Kxc5 b6+ 51. Kc6 Rc3 52. Ra8+ Kb4 53. Kxb6 Rxc4 54. Rf8 Rf4 0-1

[Event "AUT-chT2O 1819"]
[Site "Austria"]
[Date "2019.03.10"]
[Round "9.2"]
[White "Nagy, Bence"]
[Black "Wiedermann, Daniel"]
[Result "0-1"]
[WhiteElo "2381"]
[BlackElo "2067"]
[PlyCount "78"]
[EventDate "2018.10.06"]
[EventType "team-tourn"]
[EventRounds "11"]
[EventCountry "AUT"]
[SourceTitle "CBM 189 Extra"]
[Source "ChessBase"]
[SourceDate "2019.06.03"]
[SourceVersion "1"]
[SourceVersionDate "2019.06.03"]
[SourceQuality "1"]
[WhiteTeam "Austria"]
[BlackTeam "Wiener Amateur CC "]
[WhiteTeamCountry "AUT"]
[BlackTeamCountry "AUT"]

1. e4 c6 2. d4 d5 3. Nc3 dxe4 4. Nxe4 Bf5 5. Ng3 Bg6 6. Nf3 Nd7 7. h4 h6 8. h5 Bh7 9. Bd3 Bxd3 10. Qxd3 e6 11. Bf4 Qa5+ 12. Bd2 Bb4 13. c3 Be7 14. c4 Qa4 15. 0-0 Ngf6 16. Rfe1 Rd8 17. b3 Qa3 18. Qc2 0-0 19. Re3 Bb4 20. Bc1 Qa6 21. a3 b5 22. c5 Ba5 23. b4 Bc7 24. a4 Nd5 25. Rea3 N7f6 26. Ne5 Nxb4 27. Qe2 Rxd4 28. Bb2 Bxe5 29. Qxe5 Rd5 30. Qc3 Nd3 31. Ne4 b4 32. Nxf6+ Kh8 33. Qc2 bxa3 34. Rxa3 gxf6 35. Bxf6+ Kh7 36. Qe2 Qc4 37. Rc3 Qf4 38. Be7 Re8 39. g3 Qxf2+ 0-1

[Event "AUT-chT2O 1819"]
[Site "Austria"]
[Date "2019.03.09"]
[Round "8.6"]
[White "Penz, Harald"]
[Black "Nagy, Bence"]
[Result "1/2-1/2"]
[WhiteElo "2317"]
[BlackElo "2381"]
[PlyCount "120"]
[EventDate "2018.10.06"]
[EventType "team-tourn"]
[EventRounds "11"]
[EventCountry "AUT"]
[SourceTitle "CBM 189 Extra"]
[Source "ChessBase"]
[SourceDate "2019.06.03"]
[SourceVersion "1"]
[SourceVersionDate "2019.06.03"]
[SourceQuality "1"]
[WhiteTeam "Hietzing"]
[BlackTeam "Austria"]
[WhiteTeamCountry "AUT"]
[BlackTeamCountry "AUT"]

1. e4 c5 2. c3 d5 3. exd5 Qxd5 4. Nf3 g6 5. d4 Bg7 6. Be2 cxd4 7. cxd4 Nf6 8. Nc3 Qd8 9. 0-0 0-0 10. Be3 Nbd7 11. Qd2 Nb6 12. Bh6 Bg4 13. Bxg7 Kxg7 14. h3 Bxf3 15. Bxf3 Qd7 16. Rfd1 Rfd8 17. Qe2 e6 18. Ne4 Nxe4 19. Qxe4 Nd5 20. Rac1 Qa4 21. Qc2 Qxc2 22. Rxc2 Rd7 23. Rdc1 Rad8 24. Bxd5 Rxd5 25. Rc7 Rb5 26. Re7 Rxd4 27. Rcc7 Rf5 28. Red7 Rxd7 29. Rxd7 Rb5 30. b3 a5 31. g3 h5 32. h4 Kf6 33. Kg2 e5 34. Kf3 Ke6 35. Rc7 f6 36. Rg7 Kf5 37. Re7 b6 38. Rb7 Rb4 39. Ke3 g5 40. hxg5 fxg5 41. Kf3 h4 42. Kg2 hxg3 43. Kxg3 g4 44. Rf7+ Kg6 45. Rb7 b5 46. Rb8 Kf6 47. f3 gxf3 48. Kxf3 Ke6 49. Ke3 Kd6 50. Rd8+ Ke7 51. Rb8 Kd7 52. Rb6 e4 53. Rf6 a4 54. bxa4 Rxa4 55. Rf4 Rxa2 56. Rxe4 Rc2 57. Kd3 Rc1 58. Re2 Kd6 59. Rc2 Rb1 60. Rc8 Rb4 1/2-1/2

[Event "Leanyfalu IM"]
[Site "Leanyfalu"]
[Date "2019.01.29"]
[Round "8"]
[White "Nagy, Bence"]
[Black "Narendran, Gouthaman"]
[Result "1-0"]
[WhiteElo "2396"]
[BlackElo "2062"]
[PlyCount "109"]
[EventDate "2019.01.22"]
[EventType "tourn"]
[EventRounds "9"]
[EventCountry "HUN"]
[EventCategory "2"]
[SourceTitle "CBM 188 Extra"]
[Source "ChessBase"]
[SourceDate "2019.02.26"]
[SourceVersion "1"]
[SourceVersionDate "2019.02.26"]
[SourceQuality "1"]

1. e4 c5 2. Nf3 d6 3. d4 cxd4 4. Nxd4 Nf6 5. Nc3 a6 6. Nb3 e6 7. g4 b5 8. Bg2 Bb7 9. g5 Nfd7 10. f4 Nc6 11. 0-0 Be7 12. Qh5 Qb6+ 13. Kh1 g6 14. Qh3 0-0-0 15. Be3 Qc7 16. a4 b4 17. Ne2 h6 18. gxh6 Rh7 19. c3 Rdh8 20. cxb4 Rxh6 21. Qg3 Bh4 22. Qf3 Nde5 23. fxe5 Nxe5 24. Rac1 Bc6 25. b5 Nxf3 26. Rxc6 Qxc6 27. bxc6 Nxh2 28. Bxh6 Nxf1 29. Bg7 Rh7 30. Bxf1 Bf6+ 31. Kg2 Bxg7 32. Ned4 Bxd4 33. Bxa6+ Kc7 34. Nxd4 e5 35. Nc2 Kxc6 36. Bc4 f5 37. b4 fxe4 38. Ne3 Ra7 39. Bd5+ Kc7 40. a5 Kb8 41. Bxe4 Rc7 42. b5 Rc5 43. Bc6 Rc3 44. Kf2 g5 45. Nd5 Ra3 46. a6 Ka7 47. Ne7 Kb6 48. Nc8+ Kc7 49. Bb7 Rb3 50. Nxd6 Kxd6 51. a7 Ra3 52. Ba6 Ra2+ 53. Kg3 Ra3+ 54. Kg4 Ra4+ 55. Kxg5 1-0

[Event "Leanyfalu IM"]
[Site "Leanyfalu"]
[Date "2019.01.26"]
[Round "5"]
[White "Nagy, Bence"]
[Black "Turzo, Attila"]
[Result "0-1"]
[WhiteElo "2396"]
[BlackElo "2296"]
[PlyCount "82"]
[EventDate "2019.01.22"]
[EventType "tourn"]
[EventRounds "9"]
[EventCountry "HUN"]
[EventCategory "2"]
[SourceTitle "CBM 188 Extra"]
[Source "ChessBase"]
[SourceDate "2019.02.26"]
[SourceVersion "1"]
[SourceVersionDate "2019.02.26"]
[SourceQuality "1"]

1. e4 c5 2. Nf3 Nc6 3. Bb5 g6 4. Nc3 Bg7 5. Bxc6 dxc6 6. h3 e5 7. d3 Qe7 8. a4 Nf6 9. Bg5 h6 10. Be3 Nd7 11. a5 Nf8 12. Na4 Ne6 13. Nd2 Rb8 14. b4 b6 15. Nb3 c4 16. dxc4 Qxb4+ 17. c3 Qxc4 18. axb6 axb6 19. Qd6 Ra8 20. Nd2 Qb5 21. c4 Bf8 22. Qd3 Qb4 23. Qc2 b5 24. 0-0 bxa4 25. Rfb1 Qe7 26. Rxa4 Rxa4 27. Qxa4 Bg7 28. Qxc6+ Qd7 29. Qa8 0-0 30. c5 Qc7 31. Qd5 Nd4 32. Bxd4 exd4 33. c6 Be6 34. Qc5 Rc8 35. Rc1 Qf4 36. Qc2 Kh7 37. Qd3 f5 38. g3 fxe4 39. Qe2 Qe5 40. f4 Qd5 41. c7 e3 0-1

[Event "Leanyfalu IM"]
[Site "Leanyfalu"]
[Date "2019.01.24"]
[Round "3"]
[White "Nagy, Bence"]
[Black "To, Nhat Minh"]
[Result "1-0"]
[WhiteElo "2396"]
[BlackElo "2368"]
[PlyCount "83"]
[EventDate "2019.01.22"]
[EventType "tourn"]
[EventRounds "9"]
[EventCountry "HUN"]
[EventCategory "2"]
[SourceTitle "CBM 188 Extra"]
[Source "ChessBase"]
[SourceDate "2019.02.26"]
[SourceVersion "1"]
[SourceVersionDate "2019.02.26"]
[SourceQuality "1"]

1. e4 c5 2. Nf3 Nc6 3. d4 cxd4 4. Nxd4 Nf6 5. Nc3 e5 6. Ndb5 d6 7. Bg5 a6 8. Na3 b5 9. Nd5 Be7 10. Bxf6 Bxf6 11. c3 Rb8 12. Nc2 Bg5 13. b4 Ne7 14. h4 Bh6 15. Nce3 Bxe3 16. Nxe3 Bb7 17. Bd3 d5 18. Qg4 d4 19. cxd4 exd4 20. Nf5 Nxf5 21. Qxf5 0-0 22. h5 Qe7 23. 0-0 Rfe8 24. Rfe1 g6 25. Qf4 Qxb4 26. Bc2 Rbd8 27. Bb3 Qe7 28. hxg6 hxg6 29. Qh6 Qf6 30. e5 Qf5 31. e6 fxe6 32. Rac1 Rd7 33. Rc5 Rh7 34. Rxe6 Rxe6 35. Rxf5 Rxh6 36. Bxe6+ Kh8 37. Rf8+ Kg7 38. Rf7+ Kh8 39. Rxb7 g5 40. Bb3 Rd6 41. Kf1 d3 42. Ke1 1-0

[Event "AUT-chT2O 1819"]
[Site "Austria"]
[Date "2018.12.01"]
[Round "5.2"]
[White "Rubil, Marko"]
[Black "Nagy, Bence"]
[Result "0-1"]
[WhiteElo "2207"]
[BlackElo "2381"]
[PlyCount "76"]
[EventDate "2018.10.06"]
[EventType "team-tourn"]
[EventRounds "11"]
[EventCountry "AUT"]
[SourceTitle "CBM 187 Extra"]
[Source "ChessBase"]
[SourceDate "2018.11.04"]
[SourceVersion "1"]
[SourceVersionDate "2018.11.04"]
[SourceQuality "1"]
[WhiteTeam "Baden Invest"]
[BlackTeam "Austria"]
[WhiteTeamCountry "AUT"]
[BlackTeamCountry "AUT"]

1. e4 c5 2. Nf3 d6 3. d4 cxd4 4. Nxd4 Nf6 5. Nc3 a6 6. f3 e5 7. Nb3 Be6 8. Be3 h5 9. Qd2 Nbd7 10. 0-0-0 Rc8 11. Kb1 Be7 12. Rg1 b5 13. Nd5 Bxd5 14. exd5 Nb6 15. Bxb6 Qxb6 16. Bd3 g6 17. Rge1 Kf8 18. f4 Nd7 19. Rf1 f5 20. fxe5 dxe5 21. Na5 Bf6 22. Nc6 e4 23. Bxe4 fxe4 24. Qb4+ Kg7 25. Rxf6 Nxf6 26. Qe7+ Kh6 27. Qxf6 Rhf8 28. Qe5 Rce8 29. Ne7 Qc5 30. Nf5+ gxf5 31. Qf4+ Kh7 32. Qg5 Qd6 33. Qxh5+ Qh6 34. Qe2 f4 35. d6 f3 36. gxf3 exf3 37. Qd3+ Qg6 38. Qd4 f2 0-1

[Event "HUN-chT2 Charousek 1718"]
[Site "Hungary"]
[Date "2017.12.03"]
[Round "3.5"]
[White "Haselbach, David"]
[Black "Nagy, Bence"]
[Result "0-1"]
[WhiteElo "2035"]
[BlackElo "2389"]
[PlyCount "60"]
[EventDate "2017.10.29"]
[EventType "team-tourn"]
[EventRounds "9"]
[EventCountry "HUN"]
[SourceTitle "EXT 2020"]
[Source "ChessBase"]
[SourceDate "2019.10.17"]
[SourceVersion "1"]
[SourceVersionDate "2019.10.17"]
[SourceQuality "1"]
[WhiteTeam "Aquaprofit Nagykanizsa II"]
[BlackTeam "Haladas Szombathely II"]
[WhiteTeamCountry "HUN"]
[BlackTeamCountry "HUN"]

1. e4 c5 2. Nc3 d6 3. f4 g6 4. Nf3 Bg7 5. Bc4 Nc6 6. d3 e6 7. 0-0 Nge7 8. Qe1 Nd4 9. Nxd4 cxd4 10. Ne2 0-0 11. Bb3 Nc6 12. Bd2 d5 13. exd5 exd5 14. Qg3 a5 15. a4 Ne7 16. Kh1 Be6 17. Ng1 Nf5 18. Qf2 Ne3 19. Rfc1 Re8 20. Nf3 Qd6 21. Qh4 Bf5 22. Re1 Bf6 23. Ng5 h5 24. Re2 Bg4 25. Ree1 Qxf4 26. Nh3 Qf5 27. Qg3 h4 28. Qd6 Be5 29. Qb6 Bxh3 30. Bxe3 Bxg2+ 0-1

[Event "AUT-chT2O 1718"]
[Site "Austria"]
[Date "2017.12.02"]
[Round "5.3"]
[White "Petran, Peter"]
[Black "Nagy, Bence"]
[Result "1-0"]
[WhiteElo "2318"]
[BlackElo "2369"]
[PlyCount "81"]
[EventDate "2017.10.21"]
[EventType "team-tourn"]
[EventRounds "11"]
[EventCountry "AUT"]
[SourceTitle "EXT 2019"]
[Source "ChessBase"]
[SourceDate "2018.10.10"]
[SourceVersion "1"]
[SourceVersionDate "2018.10.10"]
[SourceQuality "1"]
[WhiteTeam "Mattersburg"]
[BlackTeam "Austria"]
[WhiteTeamCountry "AUT"]
[BlackTeamCountry "AUT"]

1. g3 Nf6 2. Bg2 d5 3. Nf3 g6 4. d3 Bg7 5. Nbd2 0-0 6. e4 dxe4 7. dxe4 c5 8. 0-0 Nc6 9. Re1 Bg4 10. h3 Bxf3 11. Qxf3 e5 12. Nf1 Nd4 13. Qd1 Qe7 14. c3 Ne6 15. Ne3 Rfd8 16. Qe2 Qd7 17. Nc4 Qc7 18. a4 Kh8 19. Rf1 Nh5 20. Ne3 Rac8 21. Qc4 Qd7 22. h4 Nef4 23. Rd1 Qe7 24. Rxd8+ Rxd8 25. gxf4 exf4 26. Nd5 Qxh4 27. Qe2 f5 28. exf5 gxf5 29. Qf3 Be5 30. Bd2 Nf6 31. c4 Ne4 32. Bc3 Bxc3 33. bxc3 Rxd5 34. cxd5 Ng5 35. Qe2 f3 36. Qe5+ Kg8 37. Qg3 Qh5 38. Bf1 Qg6 39. Kh1 f4 40. Qxf4 Ne4 41. Qxf3 1-0

[Event "HUN-chT 1617"]
[Site "Hungary"]
[Date "2017.04.08"]
[Round "8.10"]
[White "Nagy, Bence"]
[Black "Aczel, Gergely"]
[Result "0-1"]
[WhiteElo "2305"]
[BlackElo "2506"]
[PlyCount "62"]
[EventDate "2016.10.30"]
[EventType "team-tourn"]
[EventRounds "9"]
[EventCountry "HUN"]
[SourceTitle "EXT 2018"]
[Source "ChessBase"]
[SourceDate "2017.10.13"]
[SourceVersion "1"]
[SourceVersionDate "2017.10.13"]
[SourceQuality "1"]
[WhiteTeam "HVSE Infraplan"]
[BlackTeam "Aquaprofit"]
[WhiteTeamCountry "HUN"]
[BlackTeamCountry "HUN"]

1. e4 c5 2. Nf3 e6 3. d4 cxd4 4. Nxd4 Nc6 5. Nc3 Qc7 6. Nb3 Nf6 7. Bd3 a6 8. a4 b6 9. Qe2 Bb7 10. 0-0 Be7 11. f4 Nb4 12. Bd2 Nxd3 13. cxd3 0-0 14. Kh1 d6 15. Rae1 Nd7 16. Rf3 Bf6 17. Rh3 g6 18. d4 Bg7 19. Rc1 Qd8 20. e5 dxe5 21. dxe5 Rc8 22. Rd3 Qe7 23. Rd6 f6 24. Rd1 fxe5 25. Be3 Rc7 26. Bxb6 Nxb6 27. Rxb6 exf4 28. Rxe6 Qb4 29. Nc1 f3 30. Qd2 fxg2+ 31. Kg1 Qd4+ 0-1

[Event "AUT-chT2O 1617"]
[Site "Austria"]
[Date "2016.10.15"]
[Round "1.5"]
[White "Nagy, Bence"]
[Black "Hechl, Gerald"]
[Result "1/2-1/2"]
[WhiteElo "2305"]
[BlackElo "2251"]
[PlyCount "49"]
[EventDate "2016.10.15"]
[EventType "team-tourn"]
[EventRounds "11"]
[EventCountry "AUT"]
[SourceTitle "EXT 2017"]
[Source "ChessBase"]
[SourceDate "2016.10.25"]
[SourceVersion "1"]
[SourceVersionDate "2016.10.25"]
[SourceQuality "1"]
[WhiteTeam "Austria"]
[BlackTeam "Pressbaum"]
[WhiteTeamCountry "AUT"]
[BlackTeamCountry "AUT"]

1. e4 e5 2. Nf3 Nc6 3. Bc4 Bc5 4. 0-0 Nf6 5. d3 0-0 6. c3 d6 7. b4 Bb6 8. a4 a6 9. Nbd2 Ne7 10. Ba2 Ng6 11. Nc4 Ba7 12. b5 h6 13. Be3 axb5 14. axb5 Bg4 15. Bxa7 Rxa7 16. Ne3 Bxf3 17. Qxf3 Qa8 18. Qe2 Nf4 19. Qc2 Nxd3 20. b6 cxb6 21. Qxd3 Rxa2 22. Rab1 Qa6 23. Qxd6 Qa5 24. Nf5 Qc5 25. Qd3 1/2-1/2

[Event "HUN-chT 1516"]
[Site "Hungary"]
[Date "2016.02.28"]
[Round "5.11"]
[White "Nagy, Bence"]
[Black "Dobos, Jozsef"]
[Result "1/2-1/2"]
[WhiteElo "2307"]
[BlackElo "2277"]
[PlyCount "34"]
[EventDate "2015.11.07"]
[EventType "team-tourn"]
[EventRounds "11"]
[EventCountry "HUN"]
[SourceTitle "CBM 171 Extra"]
[Source "ChessBase"]
[SourceDate "2016.04.26"]
[SourceVersion "1"]
[SourceVersionDate "2016.04.26"]
[SourceQuality "1"]
[WhiteTeam "HVSE Infraplan"]
[BlackTeam "Csuti"]
[WhiteTeamCountry "HUN"]
[BlackTeamCountry "HUN"]

1. e4 c5 2. Nf3 g6 3. Nc3 Bg7 4. d4 cxd4 5. Nxd4 Nc6 6. Nde2 Nf6 7. g3 0-0 8. Bg2 d6 9. 0-0 Bd7 10. h3 Qa5 11. Nd5 Nxd5 12. exd5 Ne5 13. Bd2 Qc7 14. Bc3 Bb5 15. a4 Bxe2 16. Qxe2 Rfe8 17. Kh2 Rac8 1/2-1/2

[Event "HUN-chT2 Charousek 1516"]
[Site "Hungary"]
[Date "2015.11.29"]
[Round "3.3"]
[White "Nagy, Bence"]
[Black "Istvandi, Lajos"]
[Result "1/2-1/2"]
[WhiteElo "2312"]
[BlackElo "2308"]
[PlyCount "22"]
[EventDate "2015.10.18"]
[EventType "team-tourn"]
[EventRounds "9"]
[EventCountry "HUN"]
[SourceTitle "CBM 170 Extra"]
[Source "ChessBase"]
[SourceDate "2016.02.25"]
[SourceVersion "1"]
[SourceVersionDate "2016.02.25"]
[SourceQuality "1"]
[WhiteTeam "Haladas II"]
[BlackTeam "Tapolca Rockwool"]
[WhiteTeamCountry "HUN"]
[BlackTeamCountry "HUN"]

1. e4 c5 2. Nf3 g6 3. d4 cxd4 4. Nxd4 Bg7 5. Nc3 Nc6 6. Be3 Nf6 7. Bc4 Qa5 8. 0-0 d6 9. h3 0-0 10. Bb3 Bd7 11. Qd2 Nxd4 1/2-1/2